000 00486nam a2200181Ia 4500
008 090124s9999 xx 000 0 und d
082 _b108437
100 _aकंटक सां. घ.
245 _a जाईची फुले
250 _a1
260 _c1961
300 _a126
600 _aकंटक सां. घ.
630 _a जाईची फुले
700 _aकंटक सां. घ.
730 _a जाईची फुले
942 _cBOOK
999 _c154528
_d154528